LDR 00904naa#a2200277#i#450# 001 EN\\bibl\125257 005 20260630035048.2 011 ## _a2077-7566 100 ## _a20260629b2026####ek#y0engy0150####ca 101 0# _aRUS 102 ## _aRU 200 1# _aAGE-RELATED CHANGES IN THE ORAL CAVITY AND SYSTEMIC HEALTH _eJournal article 210 1# _aEkaterinburg _cTIRAZH Publishing House _d2026 215 ## _a11 с. 608 ## _aJournal article _2local 675 ## _aСтоматология. Заболевания ротовой полости и зубов. 616.31 _zRUS 700 #1 _aIsanina _gSvetlana O. 700 #1 _aTiunova _gNatalia V. 700 #1 _aSidorova _gVeronika I. 700 #1 _aLebedeva _gAnna A. 700 #1 _aKomarova _gMaria A. 700 #1 _aShvetsova _gStefania A. 700 #1 _aMamontova _gElizaveta D. 700 #1 _aTolkacheva _gElena V. 700 #1 _aDobrovolsky _gStepan D. 856 4# _adental-press.ru _u